[Event "Natal Potiguar-ch sf"]
[Site "Natal"]
[Date "2017.09.10"]
[Round "6"]
[White "Gomes, Caio Moreira"]
[Black "Amador, Mario Lima"]
[Result "1-0"]
[WhiteElo "1534"]
[BlackElo "1296"]
[PlyCount "99"]
[EventDate "2017.09.08"]
[EventType "swiss"]
[EventRounds "6"]
[EventCountry "BRA"]
[SourceTitle "EXT 2018"]
[Source "ChessBase"]
[SourceDate "2017.10.13"]
[SourceVersion "1"]
[SourceVersionDate "2017.10.13"]
[SourceQuality "1"]

1. d4 d5 2. Nf3 Nf6 3. c4 c6 4. g3 e6 5. Bg2 Bd6 6. Nc3 Bd7 7. 0-0 0-0 8. b3 Qc7 9. Bb2 Re8 10. Rc1 b5 11. cxb5 e5 12. bxc6 Nxc6 13. dxe5 Bxe5 14. Nxe5 Rxe5 15. Nb5 Qa5 16. Bxe5 Nxe5 17. Nc7 Rc8 18. Nxd5 Rxc1 19. Qxc1 Nxd5 20. Qb2 Nb4 21. a3 Nbc6 22. b4 Qc7 23. Rc1 Qb8 24. Qc3 f6 25. f4 Qb6+ 26. Qc5 Qxc5+ 27. Rxc5 Kf7 28. fxe5 Nxe5 29. Ra5 Nc6 30. Bxc6 Bxc6 31. Rxa7+ Kf8 32. a4 h6 33. b5 Bd5 34. b6 g6 35. b7 Bxb7 36. Rxb7 Ke8 37. a5 Kd8 38. Rh7 h5 39. Rh6 Kc7 40. Rxg6 Kc6 41. Rxf6+ Kd7 42. Rb6 Kc7 43. Rb1 Kd6 44. a6 Ke5 45. Rb4 Kf5 46. a7 Kg5 47. a8Q Kh6 48. Qa5 Kg6 49. Rb6+ Kh7 50. Qa7+ 1-0

[Event "Natal Potiguar-ch sf"]
[Site "Natal"]
[Date "2017.09.10"]
[Round "5"]
[White "Macedo, Alexandre Soares"]
[Black "Gomes, Caio Moreira"]
[Result "1-0"]
[WhiteElo "1884"]
[BlackElo "1534"]
[PlyCount "25"]
[EventDate "2017.09.08"]
[EventType "swiss"]
[EventRounds "6"]
[EventCountry "BRA"]
[SourceTitle "EXT 2018"]
[Source "ChessBase"]
[SourceDate "2017.10.13"]
[SourceVersion "1"]
[SourceVersionDate "2017.10.13"]
[SourceQuality "1"]

1. b4 d5 2. Bb2 Bf5 3. Nf3 e6 4. e3 Nf6 5. a3 Be7 6. Nc3 Nbd7 7. Be2 0-0 8. d3 c6 9. h4 a5 10. bxa5 Qxa5 11. Nd4 Nb6 12. Nb3 Qa7 13. g4 1-0

[Event "Natal Potiguar-ch sf"]
[Site "Natal"]
[Date "2017.09.08"]
[Round "1"]
[White "Azevedo, Alcides Alexandre"]
[Black "Gomes, Caio Moreira"]
[Result "1-0"]
[WhiteElo "2040"]
[BlackElo "1534"]
[PlyCount "83"]
[EventDate "2017.09.08"]
[EventType "swiss"]
[EventRounds "6"]
[EventCountry "BRA"]
[SourceTitle "CBM 180 Extra"]
[Source "ChessBase"]
[SourceDate "2017.10.06"]
[SourceVersion "1"]
[SourceVersionDate "2017.10.06"]
[SourceQuality "1"]

1. e4 c5 2. Nf3 Nc6 3. d4 cxd4 4. Nxd4 g6 5. Nxc6 bxc6 6. Qd4 Nf6 7. e5 Nd5 8. e6 f6 9. exd7+ Bxd7 10. Bc4 e5 11. Qd1 Bf5 12. c3 Bc5 13. 0-0 Nb6 14. Bb3 Qxd1 15. Rxd1 Ke7 16. Be3 Bxe3 17. fxe3 Rhd8 18. Na3 Rd3 19. Rxd3 Bxd3 20. Rd1 Rd8 21. Kf2 Rd6 22. Nc2 Bc4 23. Rxd6 Kxd6 24. Na3 Bxb3 25. axb3 e4 26. Nc4+ Nxc4 27. bxc4 Kc5 28. b3 g5 29. Kg3 f5 30. h4 h6 31. hxg5 hxg5 32. Kf2 f4 33. exf4 gxf4 34. g4 e3+ 35. Kf3 a6 36. g5 Kd6 37. b4 Ke6 38. c5 Kf5 39. c4 Kxg5 40. b5 axb5 41. cxb5 cxb5 42. c6 1-0

[Event "Recife op 4th"]
[Site "Recife"]
[Date "2017.04.22"]
[Round "5"]
[White "Frankental, David"]
[Black "Gomes, Caio Moreira"]
[Result "1-0"]
[WhiteElo "1865"]
[BlackElo "1502"]
[PlyCount "69"]
[EventDate "2017.04.20"]
[EventType "swiss"]
[EventRounds "6"]
[EventCountry "BRA"]
[SourceTitle "EXT 2018"]
[Source "ChessBase"]
[SourceDate "2017.10.13"]
[SourceVersion "1"]
[SourceVersionDate "2017.10.13"]
[SourceQuality "1"]

1. d4 Nf6 2. c4 e6 3. Nf3 c5 4. e3 cxd4 5. exd4 d5 6. Nc3 Nc6 7. Be2 Be7 8. 0-0 0-0 9. cxd5 Nxd5 10. Nxd5 Qxd5 11. b3 Rd8 12. Bb2 b6 13. Qd2 Bb7 14. Rad1 Qd7 15. Qe3 Rac8 16. Ne5 Qd6 17. Bf3 Bf6 18. Nxc6 Bxc6 19. Bxc6 Rxc6 20. Rc1 Rxc1 21. Rxc1 h6 22. Rd1 b5 23. g3 Qa6 24. a3 Qd6 25. Qe2 a6 26. Qe4 Qd5 27. Qxd5 Rxd5 28. f4 g5 29. Kg2 gxf4 30. gxf4 Kg7 31. Kf3 Kg6 32. Ke4 Kh5 33. Rc1 Be7 34. Rc7 f5+ 35. Ke3 1-0

[Event "Recife op 4th"]
[Site "Recife"]
[Date "2017.04.22"]
[Round "4"]
[White "Gomes, Caio Moreira"]
[Black "Leite, Joao Carlos Zirpoli"]
[Result "1-0"]
[WhiteElo "1502"]
[BlackElo "1664"]
[PlyCount "43"]
[EventDate "2017.04.20"]
[EventType "swiss"]
[EventRounds "6"]
[EventCountry "BRA"]
[SourceTitle "EXT 2018"]
[Source "ChessBase"]
[SourceDate "2017.10.13"]
[SourceVersion "1"]
[SourceVersionDate "2017.10.13"]
[SourceQuality "1"]

1. d4 Nf6 2. Nf3 g6 3. g3 Bg7 4. Bg2 0-0 5. 0-0 d6 6. c4 Nbd7 7. Nc3 e5 8. dxe5 dxe5 9. e4 c6 10. Re1 Qe7 11. Qe2 Nh5 12. Be3 f5 13. exf5 Rxf5 14. Bh3 Rf8 15. Bd4 Re8 16. Bxd7 Qxd7 17. Bxe5 Qg4 18. Qd1 Qxc4 19. Bxg7 Nxg7 20. Rxe8+ Nxe8 21. Qd8 Bg4 22. Qxa8 1-0

[Event "Recife Arraes Memorial 9th"]
[Site "Recife"]
[Date "2016.10.21"]
[Round "1.19"]
[White "Dos Anjos, Avner Augusto"]
[Black "Gomes, Caio Moreira"]
[Result "1-0"]
[WhiteElo "1966"]
[BlackElo "1441"]
[PlyCount "68"]
[EventDate "2016.10.21"]
[EventType "swiss"]
[EventRounds "6"]
[EventCountry "BRA"]
[SourceTitle "EXT 2022"]
[Source "ChessBase"]
[SourceDate "2021.10.06"]
[SourceVersion "1"]
[SourceVersionDate "2021.10.06"]
[SourceQuality "1"]

1. e4 c5 2. Nf3 Nc6 3. Bb5 e6 4. Bxc6 bxc6 5. c4 d5 6. Qa4 Bd7 7. d3 Bd6 8. 0-0 Ne7 9. Qc2 Qc7 10. Nc3 0-0 11. Re1 f6 12. b3 Rae8 13. Ba3 a5 14. Na4 Rf7 15. Bxc5 Bf4 16. Bb6 Qb7 17. Bxa5 e5 18. Bd2 Ng6 19. Nc5 Qa8 20. Nxd7 Rxd7 21. g3 Bxd2 22. Nxd2 Red8 23. exd5 cxd5 24. c5 Rb8 25. Reb1 Ne7 26. b4 Nc6 27. a3 Ra7 28. b5 Nd4 29. Qa2 Nxb5 30. Rb3 Nc7 31. Rb6 Rab7 32. Rab1 Qa7 33. Qb3 Rxb6 34. cxb6 Qa8 1-0

[Event "Natal-ch"]
[Site "Natal"]
[Date "2016.02.07"]
[Round "3"]
[White "Da Silva, Antonio Dutra"]
[Black "Gomes, Caio Moreira"]
[Result "1-0"]
[WhiteElo "1798"]
[BlackElo "1504"]
[PlyCount "103"]
[EventDate "2016.02.06"]
[EventType "swiss"]
[EventRounds "6"]
[EventCountry "BRA"]
[SourceTitle "CBM 171 Extra"]
[Source "ChessBase"]
[SourceDate "2016.04.26"]
[SourceVersion "1"]
[SourceVersionDate "2016.04.26"]
[SourceQuality "1"]

1. Nf3 d5 2. c4 c6 3. d4 Bf5 4. Qb3 Qb6 5. Qxb6 axb6 6. cxd5 cxd5 7. Nc3 Nf6 8. e3 Na6 9. Bb5+ Kd8 10. 0-0 e6 11. Ne5 Bg6 12. a3 Nc7 13. Nxg6 hxg6 14. Bd3 Bd6 15. g3 Ke7 16. e4 Bb4 17. Bg5 Bxc3 18. bxc3 dxe4 19. Bxe4 Ra7 20. Rfb1 b5 21. Rb4 Kd7 22. Bxf6 gxf6 23. c4 bxc4 24. Bxb7 Rb8 25. Bc6+ Kxc6 26. Rxb8 Nb5 27. Rc8+ Kd5 28. Rc5+ Kxd4 29. Rxb5 Kd3 30. Kf1 Kc2 31. Ra2+ Kc1 32. Rbb2 c3 33. Rc2+ Kb1 34. a4 Rxa4 35. Rxc3 Kxa2 36. Rc7 e5 37. Rxf7 Ra6 38. h4 Kb3 39. Rc7 Kb4 40. g4 f5 41. g5 Rd6 42. Kg2 Kb5 43. Re7 e4 44. h5 gxh5 45. Re5+ Kc6 46. Rxf5 Rg6 47. Kg3 Kd6 48. Kh4 Ke6 49. Ra5 Rg8 50. Kxh5 Kf7 51. Re5 Rg7 52. Rxe4 1-0

[Event "Natal-ch"]
[Site "Natal"]
[Date "2016.02.06"]
[Round "2"]
[White "Gomes, Caio Moreira"]
[Black "Frankental, David"]
[Result "1/2-1/2"]
[WhiteElo "1504"]
[BlackElo "1793"]
[PlyCount "40"]
[EventDate "2016.02.06"]
[EventType "swiss"]
[EventRounds "6"]
[EventCountry "BRA"]
[SourceTitle "CBM 171 Extra"]
[Source "ChessBase"]
[SourceDate "2016.04.26"]
[SourceVersion "1"]
[SourceVersionDate "2016.04.26"]
[SourceQuality "1"]

1. e4 c5 2. Nf3 d6 3. d4 cxd4 4. Nxd4 Nf6 5. Nc3 g6 6. Bc4 Bg7 7. f3 Bd7 8. Be3 Nc6 9. Qd2 Rc8 10. Bh6 0-0 11. Bxg7 Kxg7 12. 0-0-0 Ne5 13. Bb3 Nc4 14. Bxc4 Rxc4 15. h4 h5 16. g4 hxg4 17. h5 Nxh5 18. Rxh5 Rxd4 19. Qh6+ Kf6 20. Rxd4 e5 1/2-1/2

[Event "Natal-ch"]
[Site "Natal"]
[Date "2016.02.06"]
[Round "1"]
[White "Jordao Barbosa, Marcio Ferre"]
[Black "Gomes, Caio Moreira"]
[Result "1-0"]
[WhiteElo "1987"]
[BlackElo "1504"]
[PlyCount "69"]
[EventDate "2016.02.06"]
[EventType "swiss"]
[EventRounds "6"]
[EventCountry "BRA"]
[SourceTitle "CBM 171 Extra"]
[Source "ChessBase"]
[SourceDate "2016.04.26"]
[SourceVersion "1"]
[SourceVersionDate "2016.04.26"]
[SourceQuality "1"]

1. e4 c5 2. Nf3 Nc6 3. c4 Nf6 4. Nc3 e6 5. h3 d6 6. d4 cxd4 7. Nxd4 Be7 8. Be3 0-0 9. Be2 Bd7 10. Qd2 a6 11. 0-0 Rc8 12. Rfd1 Re8 13. f3 h6 14. Nc2 Ne5 15. b3 Qc7 16. Bf4 b5 17. Bxe5 dxe5 18. a4 bxc4 19. Bxc4 a5 20. Nb5 Bxb5 21. axb5 Red8 22. Qe1 Bc5+ 23. Kh2 Bb6 24. Ne3 Nd7 25. Ng4 Nc5 26. Qg3 Qb8 27. Nxh6+ Kf8 28. Ng4 Rxd1 29. Rxd1 a4 30. Qh4 Kg8 31. b4 Nb3 32. Bxb3 axb3 33. Qg5 Bd4 34. Nf6+ Kf8 35. Nd7+ 1-0

[Event "Natal Academia Potiguar 8th"]
[Site "Natal"]
[Date "2015.06.06"]
[Round "3.15"]
[White "Gomes, Caio Moreira"]
[Black "Frankental, David"]
[Result "1/2-1/2"]
[WhiteElo "1541"]
[BlackElo "1757"]
[PlyCount "57"]
[EventDate "2015.06.05"]
[EventType "swiss"]
[EventRounds "5"]
[EventCountry "BRA"]
[SourceTitle "EXT 2022"]
[Source "ChessBase"]
[SourceDate "2021.10.06"]
[SourceVersion "1"]
[SourceVersionDate "2021.10.06"]
[SourceQuality "1"]

1. f4 Nf6 2. Nf3 d5 3. d4 g6 4. e3 Bg7 5. c3 0-0 6. Nbd2 b6 7. Bd3 a5 8. a4 Ba6 9. Bxa6 Nxa6 10. 0-0 c5 11. b3 e6 12. Ne5 Nc7 13. g4 Ne4 14. Nxe4 dxe4 15. Ba3 Bxe5 16. fxe5 Na6 17. Ra2 f5 18. exf6 Rxf6 19. Raf2 Rxf2 20. Rxf2 Qg5 21. Qe2 cxd4 22. exd4 Nc7 23. Qxe4 Qd5 24. Qxd5 exd5 25. c4 Re8 26. Bd6 Ne6 27. Re2 Kf7 28. Rf2+ Kg8 29. Re2 1/2-1/2